| 000 | 00689nam a22002173a 4500 | ||
|---|---|---|---|
| 999 |
_c6110 _d6110 |
||
| 001 | 6110 | ||
| 003 | BD-JhCC | ||
| 005 | 20190827134017.0 | ||
| 008 | 180101s2010 bg a|||| |||| 000 0 ben d | ||
| 035 | _a(BD-JhCC) 6110 | ||
| 040 |
_aBD-JhCC _dBD-JhCC |
||
| 041 | _aben | ||
| 082 |
_a891.4437 _bIQB 2010 |
||
| 100 | _aইকবাল, মুহম্মদ জাফর | ||
| 245 |
_aবৈজ্ঞানিক কল্পকাহিনী নায়ীরা / _cমুহম্মদ জাফর ইকবাল, |
||
| 260 |
_aঢাকা : _bসময় , _c2010 |
||
| 300 |
_a111 p .: _c22 cm . |
||
| 650 | _aScience Fiction Bengali | ||
| 942 |
_2ddc _cBK _01 |
||